1918 1476 1992 1403 1756 1232 1329 1586 1995 1819 1667 1298 1817 1845 1218 1894 1952 1707 1131 1404 1761 1105 1855 1503 1975 1077 1656 1884 1988 1169 1208 1343 1433 1104 1158 1452 1145 1009 1248 1849 1834 1864 1302 1963 1476 1495 1196 1845 1888 1194 1458 1966 1204 1602 1487 1676 1378 1810 1286 1969 1905 1446 1302 1729 1240 1235 1570 1300 1174 1227 1354 1982 1441 1412 1562 1489 1845 1567 1226 1336 1219 1165 1773 1563 1368 1609 1692 1454 1380 1862 1246 1409 1286 1238 1271 1980 1147 1279 1610 BCNSPRNW ULIB Ver.6.0+V

เปลี่ยนเป็นภาษาไทย

Change to English
 แสดงรายละเอียดบรรณานุกรม
  กลับหน้าหลัก

Brief Record : Get Marc (ISO 2709) : E-mail record : QR code < ปิดหน้าต่าง
LEADER : 00000nam 2200000uu 4500
001    13399127671
003     ULIB
008    210319s||||||||th 000 0 tha d
020    ^a9786164854888
060  0 ^aWY152^bห321^cล.2
100 0  ^aวิโรจน์ ไววานิชกิจ, บรรณาธิการ
245 00 ^aหลักการพยาบาลผู้สูงอายุ เล่ม 2 การประเมินผู้สูงอายุแบบองค์รวม/^cวิโรจน์ ไววานิชกิจ, บรรณาธิการ
260    ^aกรุงเทพฯ : ^bสำนักพิมพ์จุฬาลงกรณ์มหาวิทยาลัย,^c2562
300    ^a88 หน้า : ภาพประกอบ ; 22 ซม.
650  0 ^aการพยาบาลเวชศาสตร์วัยชรา
650  0 ^aผู้สูงอายุ
945    ^p395^l0^i28802
945    ^p395^l0^i28803
945    ^p395^l0^i28804
945    ^p395^l0^i28805
945    ^p395^l0^i28806
945    ^p395^l0^i28807
945    ^p395^l0^i28808
945    ^p395^l0^i28809
945    ^p395^l0^i28810
945    ^p395^l0^i28811
999    ^aกัณชพร จุลอักษร
รายการนี้ยังไม่มีแท็ก
คุณยังไม่ได้ล็อกอิน คุณสามารถมีกิจกรรมร่วมกับเว็บไซต์ได้ แต่ต้องล็อกอินก่อน ::
  ล็อกอิน

รายการสื่อสารสนเทศ

ลำดับที่ ประเภท เลขเรียก/บาร์โค้ด สถานที่ สถานะ
1. หนังสือสำรอง
หนังสือสำรอง
WY152 ห321 ล.2 ฉ.1 
  Barcode: 28802
ห้องสมุดวิทยาเขตนครสวรรค์
►หนังสือทั่วไป:l:General Books
บนชั้น
2. วิทยาศาสตร์การแพทย์ และสุขภาพ
วิทยาศาสตร์การแพทย์ และสุขภาพ
WY152 ห321 ล.2 ฉ.10 
  Barcode: 28811
ห้องสมุดวิทยาเขตนครสวรรค์
►หนังสือทั่วไป:l:General Books
บนชั้น
3. วิทยาศาสตร์การแพทย์ และสุขภาพ
วิทยาศาสตร์การแพทย์ และสุขภาพ
WY152 ห321 ล.2 ฉ.2 
  Barcode: 28803
ห้องสมุดวิทยาเขตนครสวรรค์
►หนังสือทั่วไป:l:General Books
บนชั้น
4. วิทยาศาสตร์การแพทย์ และสุขภาพ
วิทยาศาสตร์การแพทย์ และสุขภาพ
WY152 ห321 ล.2 ฉ.3 
  Barcode: 28804
ห้องสมุดวิทยาเขตนครสวรรค์
►หนังสือทั่วไป:l:General Books
บนชั้น
5. วิทยาศาสตร์การแพทย์ และสุขภาพ
วิทยาศาสตร์การแพทย์ และสุขภาพ
WY152 ห321 ล.2 ฉ.4 
  Barcode: 28805
ห้องสมุดวิทยาเขตนครสวรรค์
►หนังสือทั่วไป:l:General Books
บนชั้น
6. วิทยาศาสตร์การแพทย์ และสุขภาพ
วิทยาศาสตร์การแพทย์ และสุขภาพ
WY152 ห321 ล.2 ฉ.5 
  Barcode: 28806
ห้องสมุดวิทยาเขตนครสวรรค์
►หนังสือทั่วไป:l:General Books
บนชั้น
7. วิทยาศาสตร์การแพทย์ และสุขภาพ
วิทยาศาสตร์การแพทย์ และสุขภาพ
WY152 ห321 ล.2 ฉ.6 
  Barcode: 28807
ห้องสมุดวิทยาเขตนครสวรรค์
►หนังสือทั่วไป:l:General Books
บนชั้น
8. วิทยาศาสตร์การแพทย์ และสุขภาพ
วิทยาศาสตร์การแพทย์ และสุขภาพ
WY152 ห321 ล.2 ฉ.7 
  Barcode: 28808
ห้องสมุดวิทยาเขตนครสวรรค์
►หนังสือทั่วไป:l:General Books
บนชั้น
9. วิทยาศาสตร์การแพทย์ และสุขภาพ
วิทยาศาสตร์การแพทย์ และสุขภาพ
WY152 ห321 ล.2 ฉ.8 
  Barcode: 28809
ห้องสมุดวิทยาเขตนครสวรรค์
►หนังสือทั่วไป:l:General Books
บนชั้น
10. วิทยาศาสตร์การแพทย์ และสุขภาพ
วิทยาศาสตร์การแพทย์ และสุขภาพ
WY152 ห321 ล.2 ฉ.9 
  Barcode: 28810
ห้องสมุดวิทยาเขตนครสวรรค์
►หนังสือทั่วไป:l:General Books
บนชั้น

รายการใกล้เคียง
    ผู้แต่ง [วิโรจน์ ไววานิชกิจ, บรรณาธิการ]

    หัวเรื่อง [การพยาบาลเวชศาสตร์วัยชรา]
    หัวเรื่อง [ผู้สูงอายุ]

BibComment


ยังไม่เคยถูกคอมเมนท์

คอมเมนท์ทรัพยากรรายการนี้
  คอมเมนท์: หลักการพยาบาลผู้..


 Copyright 2026. Bcnsprnw @Library